000 00226 a2200097 4500
001 35114
100 _aAbdul Puddus
245 _aNorth West Frontier of Pakistan
260 _aKarachi
_bRoyal Book Co
_c
090 _c23258
_d23258
942 _aNUST-CAE
_cM
_c14734
999 _c270187
_d270187